000 00551cam a2200193ua 4500
001 1678
008 110715n ii |||gr||||Z||||||eng
020 _a81-85475-80-6
040 _cMAIN
082 _a338.1
100 _aKaushik, K. K.,
_eAuthor.
245 1 _aAgricultural transformation in a developing economy
_cby K. K. Kaushik
250 _a1st.
260 _aDelhi:
_bKanishka Publishers Distributors,993.
300 _aviii; 288p:
_c23cm.
653 _aEconomic
653 _aagricultural transformation in a developing economy
942 _cBK
999 _c1565
_d1565